Kamus lanjutan : Bahasa Malaysia - Bahasa Inggeris
| Main Author: | Abd. Aziz Rahman |
|---|---|
| Published: |
Petaling Jaya, Selangor:
Federal Pub. Sdn. Bhd.,
2003.
|
| Subjects: |
| LEADER | 00527cam a2200157 7i4500 | ||
|---|---|---|---|
| 001 | 0000009163 | ||
| 005 | 20101005090000.0 | ||
| 020 | |a 9835808996 (pbk.) | ||
| 020 | |a 9789835808999 | ||
| 090 | 0 | 0 | |a PL5125 |b .A97 2003 |
| 100 | 0 | |a Abd. Aziz Rahman | |
| 245 | 1 | 0 | |a Kamus lanjutan : |b Bahasa Malaysia - Bahasa Inggeris |c Abd. Aziz Rahman. |
| 260 | |a Petaling Jaya, Selangor: |b Federal Pub. Sdn. Bhd., |c 2003. | ||
| 300 | |a 846 p.; |c 23 cm. | ||
| 650 | 0 | 0 | |a Malay language -- |x English |
| 999 | |a 0000011529 |b BOK |c REFERENCE |e Ground Floor, Bestari Jaya | ||


